Symbole Wielkanocy część 1 - Statystyki

Ogólne statystyki
  • Ten quiz został rozwiązany 22 razy
  • Średni wynik to 4 z 15
Statystyki odpowiedzi
Pytania Odpowiedzi % Poprawnych
3. Baranek
81%
1. Jajka
76%
8. Babka
43%
7. Królik
33%
9. Mazurek
29%
10. Bazie
24%
2. Chleb
24%
14. Kiełbasa
24%
5. Sól
24%
4. Kurczaczek
14%
13. Woda
14%
6. Pieprz
10%
15. Wędlina
5%
11. Jemioła
0%
12. Pisklęta
0%
Nie znaleziono quizów pasujących do podanych kryteriów
Rozkład punktacji
Procent ludzi z każdym wynikiem
Percentyl według liczby udzielonych odpowiedzi
Twoja historia wyników
Nie rozwiązałeś tego quizu